Starting Lineup for Every 2025 Blue Jays ALDS Game - Statistics

General Stats
  • This quiz has been taken 14 times
  • The average score is 33 of 71
Answer Stats
Hint Answer % Correct
1. (DH) George Springer
92%
3. (1B) Vladimir Guerrero Jr.
92%
5. (C) Alejandro Kirk
83%
6. (CF) Daulton Varsho
83%
2. (RF) Nathan Lukes
83%
4. (3B) Addison Barger
75%
8. (SS) Andres Gimenez
67%
9. (2B) Ernie Clement
67%
SP Kevin Gausman
67%
4. (C) Alejandro Kirk
58%
4. (C) Alejandro Kirk
58%
8. (SS) Andres Gimenez
58%
9. (SS) Andres Gimenez
58%
5. (CF) Daulton Varsho
58%
5. (CF) Daulton Varsho
58%
6. (3B) Ernie Clement
58%
6. (3B) Ernie Clement
58%
2. (LF) Nathan Lukes
58%
3. (1B) Vladimir Guerrero Jr.
58%
3. (1B) Vladimir Guerrero Jr.
58%
Substitute 3B Addison Barger
50%
4. (3B) Addison Barger
50%
5. (C) Alejandro Kirk
50%
9. (SS) Andres Gimenez
50%
7. (LF) Anthony Santander
50%
7. (RF) Anthony Santander
50%
7. (RF) Anthony Santander
50%
6. (CF) Daulton Varsho
50%
1. (DH) George Springer
50%
1. (DH) George Springer
50%
1. (DH) George Springer
50%
7. (2B) Isiah Kiner-falefa
50%
8. (2B) Isiah Kiner-Falefa
50%
CP Jeff Hoffman
50%
RP Louis Varland
50%
Substitute LF Nathan Lukes
50%
SP Shane Bieber
50%
3. (1B) Vladimir Guerrero Jr.
50%
2. (LF) Davis Schneider
42%
2. (LF) Davis Schneider
42%
8. (2B) Ernie Clement
42%
Substitute 2B Isiah Kiner-Falefa
42%
Substitute 2B Isiah Kiner-Falefa
42%
CP Jeff Hoffman
42%
RP Louis Varland
42%
Substitute LF Myles Straw
42%
9. (RF) Myles Straw
42%
Substitute LF Myles Straw
42%
Substitute RF Nathan Lukes
42%
RP Seranthony Dominguez
42%
RP Seranthony Dominguez
42%
SP Trey Yesavage
42%
RP Brendon Little
33%
RP Louis Varland
33%
RP Mason Fluharty
33%
RP Braydon Fisher
25%
RP Braydon Fisher
25%
RP Braydon Fisher
25%
RP Brendon Little
25%
RP Brendon Little
25%
SP Louis Varland
25%
RP Mason Fluharty
25%
RP Mason Fluharty
25%
CP Seranthony Dominguez
25%
RP Tommy Nance
25%
CP Tommy Nance
25%
RP Eric Lauer
17%
RP Eric Lauer
17%
RP Justin Bruihl
17%
RP Yariel Rodriguez
17%
RP Yariel Rodriguez
17%
No matching quizzes found
Score Distribution
Percent of People with Each Score
Percentile by Number Answered
Your Score History
You have not taken this quiz